00422nam a2200109Ia 4500008004100000100002300041245011300064260002600177300001800203650001200221856007900233160712s9999 xx 000 0 und d aMendoza, Renier G. cRenier G. Mendoza,aReconstructing images in electrical impedance tomography using hybrid genetic algorithms c2012bScience Diliman avol. 24 no. 2 xSCIENCE uhttp://journals.upd.edu.ph/index.php/sciencediliman/issue/view/386/showToc